Journal of Economics, Finance and Administrative Science

Detalles Bibliográficos
Formato: eBook
Lenguaje:inglés
Publicado: Lima: Universidad ESAN, Peru, 2009 -
Materias:
Acceso en línea:Acceso restringido

MARC

LEADER 00000nam a22000007a 4500
005 20191022131543.0
007 cr|||| ||||
008 191022c20099999pe fr|w s|||| 0|||b1eng d
022 |a 2077-1886 
035 |a 5271 
040 |a vLex 
090 |c 9933  |d 9933 
245 0 0 |a Journal of Economics, Finance and Administrative Science  |h [Recurso electrn̤ico] / 
256 |a Servicio en ln̕ea 
260 |a Lima:  |b Universidad ESAN, Peru,  |c 2009 - 
300 |a 1 recurso electrn̤ico 
310 |a Semestral 
506 1 |a Disponible solo en los productos indicados  |d vLex Global  |d vLex Global (Academic Edition, excluding Law Schools)  |d vLex Global (U.S. Academic Edition, Law Schools)  |d vLex Global (U.S. Academic Edition, excluding Law Schools)  |d vLex Global (Academic Edition, Law Schools) 
650 0 4 |a Economa̕ y negocios  |z Per︢ 
650 0 4 |a Banca y finanzas  |z Per︢ 
650 0 4 |a Administracin̤ pb︢lica  |z Per︢ 
740 0 |a vLex Revistas (Servicio en ln̕ea) 
856 4 0 |u http://vlex.com/source/journal-of-economics-finance-and-administrative-science-5271  |z Acceso restringido 
942 |c REV 
999 0 |a Economy and business 
999 0 |a Banking and finance 
999 0 |a Public Administration